000
00283nam a2200109Ia 4500
008
220204s9999 xx 000 0 und d
082
_a
624.042.7
_b
SKI
100
_a
Skinner, R Ivan
245
0
_a
Introduction to seismic isolation
260
_a
New York
_b
John Wiley
_c
1993
942
_c
BK
999
_c
43715
_d
43715